000 00644nam a2200229 a 4500
001 17560
003 CO-ViMGA
008 141112s2004 ck r 000 u spa d
020 _a9806437209
040 _aCO-ViMGA
_bspa
_cCO-ViMGA
082 0 4 _aCHERa
100 1 _aChericián, David
_924871
245 1 0 _aA B C
260 _aCaracas (Venezuela),
_cPlayco,
_c2001
300 _a34.p.
590 _aForma de adquisición : Premio - Mincultura
650 1 4 _aABECEDARIO EN LA LITERATURA
_924872
650 1 4 _aCUENTOS INFANTILES CUBANOS
650 1 4 _aJEGOS DE PALABRAS
_924873
650 1 4 _aPOESIAS INFANTILES CUBANAS
_924874
942 _2ddc
_cBK
999 _c27057
_d27057